| 000 | 00373nam a2200157Ia 4500 | ||
|---|---|---|---|
| 003 | OSt | ||
| 005 | 20240217114214.0 | ||
| 008 | 170523s9999 xx 000 0 und d | ||
| 020 | _a978-0071201957 | ||
| 040 | _ciimt university meerut | ||
| 100 | _aBREALEY- RICHARD A | ||
| 245 | 0 | _aFUNDAMENTAL OF CORPORATE FIN | |
| 260 | _bMC GRAW HILL | ||
| 260 | _c1991 | ||
| 942 |
_2ddc _c02 |
||
| 999 |
_c481 _d481 |
||